Statistics for The Americas Geography by Letter - C

Click here to take the quiz!

General Stats

  • This quiz has been taken 41,504 times
    (20,840 since last reset)
  • The average score is 15 of 22

Answer Stats

ClueAnswer% Correct
Most populous state in the U.S.California
99%
Country once ruled by Fidel CastroCuba
98%
World's second largest countryCanada
96%
Country where Shakira was bornColombia
93%
"The Windy City"Chicago
93%
Country that is over 2,600 miles
north-to-south
Chile
93%
State in the Rocky MountainsColorado
88%
New England stateConnecticut
85%
Central American countryCosta Rica
83%
Capital of VenezuelaCaracas
79%
Sea that touches 25 different countriesCaribbean Sea
78%
Tallest tower in TorontoCN Tower
63%
Ohio city on Lake ErieCleveland
61%
Resort city on the Yucatan peninsulaCancún
61%
1988 Winter Olympic HostCalgary
53%
Ocean bay of Virginia and MarylandChesapeake
48%
British territory in the above{Cayman} Islands
45%
Volcanic mountain range stretching
from Oregon to B.C.
Cascades
36%
Cape near the southern tip of
South America
Cape Horn
28%
Lake between Vermont, Quebec,
and New York
Champlain
26%
Major coastal city in that countryCartagena
24%
Second largest city in ArgentinaCórdoba
23%

Score Distribution

Percentile by Number Answered

Percent of People with Each Score

Your Score History

You have not taken this quiz since the last reset